000 01927nam a2200397 a 4500
999 _c154845
_d154845
003 BLK
005 20250122134014.0
008 180410b bul|||||r ||||||| ||bul||
010 _aKNG00161486000
040 _aBLK
041 _aBUL
_cBUL
072 7 _2bullib
_aК
_xКраезнание
072 7 _2bullib
_aЯ
_xАвтографи
080 _aИкономика. Икономически науки
_b33
_x(497.2)
_z33(497.2)
139 _aОбщобългарски културно-просветен илюстрован исторически алманах
_bО 25
245 1 0 _aОбщобългарски културно-просветен илюстрован исторически алманах
_b1940 г.
_cред. Иван Коев.
250 _a4. изд.
257 _aBGR
260 _aРусе
_bИзд. ред.
_c[1942]
_fРусе : печ. Русен. ехо
300 _a256 с.
_bс ил.
_c31 см
380 _a3
500 _a1. изд. 1924. - Автограф за Тодор Дашков.
590 _aАвтограф за Тодор Дашков.
650 0 _9276000
_aИстория, българска
650 0 _9458432
_aАлманаси
651 4 _aБългария
_9241624
700 _aКоев, Иван
_9314021
852 _aЦб ІІ 3023
852 _aК 33/О-25
_bК
856 4 _qpdf
_i0.00
_lreg users access
_fОбщобългарски културно-просветен илюстрован исторически алманах
_uhttp://185.138.176.146:18082/cgi-bin/koha/opac-retrieve-file.pl?id=6deaaf76e67f1de484ecf17fa83845df
_xebook
_zОбщобългарски културно-просветен илюстрован исторически алманах
856 4 _qpdf
_i0.00
_ldisable
942 _cKNG
_n0
_s1
_04
944 _aCR
_c30.05.2014
_lВаля Йорданова
_k30558
944 _aED
_c2023-04-13
_kКети
999 _d154845